000 00416nam a2200157Ia 4500
008 210716s2018 xx 000 0 und d
020 _a9789352136964
041 _aeng
082 _a003.54 SHAS
100 _aSharan, S B.
245 _aManagement theory and practice.
250 _a1
260 _aNew Delhi
_bShroff Publishers and Distributors Pvt Ltd
_c2018
300 _axiv,452
650 _aManagement(658)
999 _c196962
_d196962